| Tag |
First Indicator |
Second Indicator |
Subfields |
| LEADER |
00000cem a22000007a 4500 |
| 001 |
in00000002923 |
| 005 |
20151007050816.0 |
| 008 |
990201s1999 xxu f000 0 eng d |
| 035 |
|
|
|a (OCoLC)
|
| 035 |
|
|
|a tmp97140247
|
| 035 |
|
|
|9 AJE4064AM
|
| 040 |
|
|
|a MvI
|c MvI
|d UtOrBLW
|
| 049 |
|
|
|a MAPS
|
| 074 |
|
|
|a 0856-A-01
|
| 086 |
0 |
|
|a PREX 3.10/4:K 84/27
|
| 245 |
0 |
0 |
|a Kosovo, 802574, (R00940), June 1998.
|
| 264 |
|
1 |
|a [Place of publication not identified] :
|b [publisher not identified],
|c [1999?]
|
| 336 |
|
|
|a cartographic image
|b cri
|2 rdacontent
|
| 337 |
|
|
|a unmediated
|b n
|2 rdamedia
|
| 338 |
|
|
|a unspecified
|b zu
|2 rdacarrier
|
| 500 |
|
|
|a Shipping List #: 99-0117-P
|
| 500 |
|
|
|a Shipping List Date: 01/26/99
|
| 500 |
|
|
|a Cartographic material.
|
| 710 |
1 |
|
|a United States.
|b Central Intelligence Agency.
|
| 999 |
|
|
|a MARS
|
| 999 |
f |
f |
|s 2a33bfd3-7f01-3362-a700-5121cc8efd5f
|i af061051-cd88-3106-b128-6b80c615c047
|t 0
|
| 952 |
f |
f |
|p normal
|a Texas A&M University
|b College Station
|c Sterling C. Evans Library
|d Evans: Maps (2nd floor)
|t 0
|e G6853 1998.U5
|h Library of Congress classification
|i unspecified -- unspecified
|m A14824680730
|
| 998 |
f |
f |
|a G6853 1998.U5
|t 0
|l Evans: Maps (2nd floor)
|